| 000 | 00503nam a2200193 a 4500 | ||
|---|---|---|---|
| 001 | 5193 | ||
| 003 | CO-ViMGA | ||
| 008 | 141112s2004 ck r 000 u spa d | ||
| 040 |
_aCO-ViMGA _bspa _cCO-ViMGA |
||
| 082 | 0 | 4 | _a500.1 F567 |
| 100 | 1 |
_aFlor, Jose Ignacio _93505 |
|
| 245 | 1 | 0 | _aRecursos para la investigación en el aula |
| 250 | _a3a | ||
| 260 |
_aSevilla : _bDiada, |
||
| 300 | _a82 p : il | ||
| 490 | _aPráctica, 8 | ||
| 650 | 1 | 4 |
_aCIENCIAS NATURALES - EXPERIMENTOS _94189 |
| 942 |
_2ddc _cBK |
||
| 999 |
_c17194 _d17194 |
||